New challenges for elastomers in Europe (Record no. 63761)

MARC details
000 -LEADER
fixed length control field 00324nam a2200133Ia 4500
100 ## - MAIN ENTRY--AUTHOR NAME
Personal name Marwede G W
245 #0 - TITLE STATEMENT
Title New challenges for elastomers in Europe
260 ## - PUBLICATION, DISTRIBUTION, ETC. (IMPRINT)
Name of publisher Rubber India
Year of publication 1995
300 ## - PHYSICAL DESCRIPTION
Number of Pages 13-20
650 ## - SUBJECT ADDED ENTRY--TOPICAL TERM
Topical Term Elastomers
700 ## - ADDED ENTRY--PERSONAL NAME
Personal name Sumner A J M
942 ## - ADDED ENTRY ELEMENTS (KOHA)
Koha item type Journals
Holdings
Withdrawn status Lost status Damaged status Not for loan Home library Current library Date acquired Serial Enumeration / chronology Koha item type
      Journals RRII Library RRII Library 16/10/1995 Volume 47, Issue 1 Journals